The interpretation of contracts / (Record no. 5191)

MARC details
000 -LEADER
fixed length control field 01500nam a22002657a 4500
008 - FIXED-LENGTH DATA ELEMENTS--GENERAL INFORMATION
fixed length control field 120916t xxu||||| |||| 00| 0 eng d
020 ## - INTERNATIONAL STANDARD BOOK NUMBER
International Standard Book Number 9-7818-4703-3550
082 ## - DEWEY DECIMAL CLASSIFICATION NUMBER
Edition number 22 ed.
Classification number 346.02
Item number LEW
100 ## - MAIN ENTRY--PERSONAL NAME
Personal name Lewison, Kim
9 (RLIN) 6725
245 ## - TITLE STATEMENT
Title The interpretation of contracts /
Statement of responsibility, etc Kim Lewison
260 ## - PUBLICATION, DISTRIBUTION, ETC. (IMPRINT)
Place of publication, distribution, etc London :
Name of publisher, distributor, etc Sweet & Maxwell
Date of publication, distribution, etc 2007
300 ## - PHYSICAL DESCRIPTION
Extent lxix. ; 628 p. :
Dimensions 24 cm.
500 ## - GENERAL NOTE
General note Includes Index
650 ## - SUBJECT ADDED ENTRY--TOPICAL TERM
Topical term or geographic name as entry element Law
9 (RLIN) 5605
650 ## - SUBJECT ADDED ENTRY--TOPICAL TERM
Topical term or geographic name as entry element LCC: K12
9 (RLIN) 6726
650 ## - SUBJECT ADDED ENTRY--TOPICAL TERM
Topical term or geographic name as entry element Contracts
9 (RLIN) 6673
650 ## - SUBJECT ADDED ENTRY--TOPICAL TERM
Topical term or geographic name as entry element The interpretation of contracts
9 (RLIN) 6727
942 ## - ADDED ENTRY ELEMENTS (KOHA)
Source of classification or shelving scheme Dewey Decimal Classification
Item type Books
Holdings
Withdrawn status Lost status Source of classification or shelving scheme Damaged status Not for loan Home library Current library Date acquired Total Checkouts Full call number Barcode Date last seen Copy number Price effective from Koha item type Public note
    Dewey Decimal Classification     Archives Archives 09/16/2012   346.02 LEW 3957/2012 09/16/2012 1 09/16/2012 Books Reserve book
    Dewey Decimal Classification     Archives Archives 09/16/2012   346.02 LEW 3958/2012 09/16/2012 2 09/16/2012 Books Reserve book
    Dewey Decimal Classification     Archives Archives 09/16/2012   346.02 LEW 3959/2012 09/16/2012 3 09/16/2012 Books Reserve book
    Dewey Decimal Classification     Archives Archives 09/16/2012   346.02 LEW 3960/2012 09/16/2012 4 09/16/2012 Books Reserve book
    Dewey Decimal Classification     Archives Archives 09/16/2012   346.02 LEW 3961/2012 09/16/2012 5 09/16/2012 Books Reserve book
    Dewey Decimal Classification     Archives Archives 09/16/2012   346.02 LEW 3962/2012 09/16/2012 6 09/16/2012 Books Reserve book